000 00400nam a2200157Ia 4500
008 230312s9999||||xx |||||||||||||| ||und||
020 _a0-312-04057-1
082 _a658.45
_bHAI
100 _aO' Hair, Dan
245 0 _aCompetent Communication
260 _bSt. Martin's Press
_aNew York
_c1995
300 _a626
546 _aEng.
650 _aManagement
_vthe nature of communication
942 _cBK
999 _c4858
_d4858